Statistics for Historical Timeline of Latvia

Click here to take the quiz!

General Stats

  • This quiz has been taken 51 times
  • The average score is 7 of 9

Answer Stats

YearHintAnswer% Correct
1991L_____Latvia
100%
1918Republic of L_____Republic of Latvia
100%
1944S_____ U____Soviet Union
98%
1941G______Germany
89%
1721R______Russia
86%
1629S_____Sweden
75%
1561Duchy of Li_____Duchy of Livonia
73%
1561Duchy of Cour____Duchy of Courland
61%
1207Terra Mar____Terra Mariana
34%

Score Distribution

Percentile by Number Answered

Percent of People with Each Score

Your Score History

You have not taken this quiz